00353nam a2200133Ia 4500008004100000041001200041082001600053100001700069245005800086260003700144300000800181650001400189700001600203221030s9999 xx 000 0 und d aEnglish a105.23bBar aD. J. Barnes 0aObjects First With Javacby D. J. Barnes, M. Kollings bPearson EducationaDelhic2004 a386 aComputers aM. Kollings